Elden ring general knowledge quiz - Statistics

General Stats
  • This quiz has been taken 404 times
  • The average score is 13 of 30
Answer Stats
Question Answer % Correct
Margit tells you to "put these foolish ... to rest" Ambitions
82%
Godrick is the lord of which castle? Stormveil
82%
What is the name given to the graceful undead? The Tarnished
79%
Who is the loathsome character named in the introduction? Dung eater
75%
which boss is residing in an arena in Volcano Manor? Rykard
68%
After navigating the Subterranian shunning grounds, you come across the illusion of which omen demigod? Mohg
59%
Malenia is the goddess of what? Rot
58%
What duo boss do you fight in the dragon temple of Farum Azula? Godskin duo
51%
What area do you fight Royal Knight Loretta in? Caria Manor
50%
Who was the first Elden lord Godfrey
49%
In order to preserve his dynasty, Mohg protects who? Miquella
49%
After defeating Rennala, what can you do to your character for the price of a Larval tear? Rebirth
48%
Radagon has an alternative personality, who is it? Marika
47%
What stops the Tarnished entering the Erdtree after defeating Morgott? Thorns
45%
At night, a certain horseback enemy appears, what are they called? Nights cavalry
42%
The 2 medallions you find in Limgrave and Caelid activate what? Grand lift of Dectus
40%
Placisusax is locked in time in what location? Farum Azula
39%
Which ancient dragon does the Tarnished face in deeproot depths? Lichdragon Fortissax
37%
Melina gives you an item upon agreeing to an accord, what is it? Spectral steed whistle
35%
The Fire Giant protects what? The forge of the giants
28%
The Draconic Tree Sentinel in Altus Plateau is protecting the entrance to which area? Leyndell Royal Capital
26%
Maliketh protects a great rune that was once stolen to kill Godwyn, what is it called? Destined death
25%
In Castle Morne, what is your reward for slaying Leonine misbegotten? Grafted blade Greatsword
24%
What consumable item does Fia give you if you let her hold you? Baldachin's blessing
23%
From the rememberance of Starscourge Radahn,what bow can you retrieve from it? Lion greatbow
21%
To open the lift to the Moonlight Altar, which key item must you have? Dark moon ring
15%
what does Blaidd give you in reward for slaying darriwil? somber smithing stone 2
15%
Commander Niall drops what weapon? Veteran's prosthesis
14%
Upon completing millicent's questline,you recieve what key item? Unalloyed gold needle
12%
What is the name of Melina's dagger? The blade of calling
11%
No matching quizzes found
Score Distribution
Percent of People with Each Score
Percentile by Number Answered
Your Score History
You have not taken this quiz